000 00226nam a2200097Ia 4500
008 190216s9999||||xx |||||||||||||| ||und||
100 _aAravindakshan
245 0 _aBalance Sheet
260 _bKerala Basha Inst
942 _cBK
999 _c3992
_d3992